000 00823nam a2200277Ia 4500
003 OSt
005 20221005074011.0
006 a|||||r|||| 00| 0
007 ta
008 221004b |||||||| |||| 00| 0 eng d
020 _a8185586993 (pbk)
_cIndian Rupees 250
024 _a68854
037 _bGift, 06/08/2021,
_cTextual
040 _aCRL
_cCRL
_beng
041 _2eng
_aeng
082 _aO111944,3x, N2.9
100 _aDharmarahan Geeta Ed.
_9608475
245 0 _aKatha prize stories
260 _aNew Delhi
_bKatha India
_c1992
300 _a332p.
_ccm.
490 _vVol. 9
650 _aEnglish Literature
700 _a Aggarwal Nandita Ed.
942 _hO111944,3x, N2.9
_cTEXL
_2cc
999 _c982035
_d982035